Suomen kaupunkeja jalkapallojoukkueiden mukaan - Statistics

Yleistilastot
  • Tätä visaa on pelattu 110 kertaa
  • Keskiarvotulos 13 / 16
Vastaustilastot
Kuvavisa Hint Vastaus % Oikein
684 600 Helsinki
100%
260 400 Tampere
99%
125 700 Kuopio
98%
321 000 Espoo
93%
149 300 Jyväskylä
93%
66 600 Seinäjoki
93%
206 000 Turku
93%
216 200 Oulu
91%
70 400 Vaasa
89%
251 400 Vantaa
88%
50 200 Kotka
85%
11 900 Maarianhamina
84%
20 800 Valkeakoski
70%
19 600 Pietarsaari
58%
42 200 | 38 500 Tuusula | Kerava
56%
2 100 Lemland
22%
Ehtoja vastaavia visoja ei löytynyt
Tulosjakauma
Jokaisen tuloksen saaneiden osuus
Persentiili vastausten määrän mukaan
Tuloshistoriasi
Et ole pelannut tätä visaa